000 00696nam a2200205 a 4500
005 20140310183540.0
008 111011s19uu xx 00 eng d
010 _a2008043296
020 _a9780876590782
050 _aLB 1140.245.N494
_b.P37 2009
100 _aPappas, Sophia E.
245 _aGood morning, children :
_bmy first years in early childhood education /
_cSophia E. Pappas.
260 _aBeltsville, MD :
_bGryphon House,
_c2009.
300 _a188 p. :
_bill. ;
_c19 cm.
521 _aEDU
650 _aPreschool teaching
_zNew Jersey
_zNewark
650 _aChildren with social disabilities
_xEducation (Preschool)
_zNew Jersey
_zNewark
942 _cBK
_2lcc
_kFOR
999 _c24787
_d24787